'P' Entertainment Images Quiz Stats

 Plays Quiz Updated Apr 20, 2018

Challenge
Share
Tweet
Score 0/30 Timer 04:00
4 Plays Today
% Correct
Peter Griffin
94.9%
Phantom of the Opera
87.5%
Psycho
84.3%
Peter Pan
84.3%
Phoebe Buffay
83.9%
Michael Phelps
81.5%
Prince (Purple Rain)
74.1%
Pong
70.7%
Natalie Portman
69.6%
Patch Adams
67.3%
Pinky
63.2%
Patton
57.4%
Phil Dunphy
56.7%
Katy Perry (Prism)
55.2%
Predator
54%
% Correct
Sidney Poitier
53.4%
Pokémon Stadium
53.2%
Ellen Page
52.1%
The Producers
50.9%
Punky Brewster
49.1%
The Police
47.1%
Paperboy
42.3%
Gregory Peck
38.4%
Pink Floyd (Wish You Were Here)
36.3%
Pearl Harbor
36%
Punch-Out
27.7%
Porgy and Bess
26.4%
Pitfall
25.7%
Pearl Jam (Ten)
18.5%
Priscilla Queen of the Desert
12.2%

You're not logged in!

Compare scores with friends on all Sporcle quizzes.
OR
Log In

You Might Also Like...

Show Comments

Extras

Top Quizzes Today


Score Distribution

Your Account Isn't Verified!

In order to create a playlist on Sporcle, you need to verify the email address you used during registration. Go to your Sporcle Settings to finish the process.

Report this User

Report this user for behavior that violates our Community Guidelines.

Details: